000 00761nam a2200229 a 4500
001 BRCA_5392
005 20190320205046.0
008 830419s1930 nyua######---#000-0#eng-#
041 _aeng
044 _anyu
050 4 _aTT972
_b.S63 1930
245 1 0 _aSpain Costume details
_bwomen´s Coiffure
_cThe Hispanic Society of America
260 _aNueva York
_bOrder of the Trustees
_c[1930]
300 _a1 v. en 10 láminas
_bil.
_c20 cm.
440 0 _aSpain Costume details
_913789
500 _aDiez ilustraciones de fotografías en la colección de The Hispanic Society of America
500 _aM19
650 1 4 _aPeinados
_xGalerías y museos
_zEstados Unidos
_913790
710 2 _aThe Hispanic Society of America
_910966
902 _aGFM
942 _2lcc
_cB
999 _c5086
_d5086